| 000 | 00371 a2200133 4500 | ||
|---|---|---|---|
| 001 | 86282 | ||
| 082 | _a954.91 SHE | ||
| 090 |
_c40548 _d40548 |
||
| 110 | _aSheehan, Sean; Shahrezad Samiuddin | ||
| 245 |
_aPakistan; castle with a thousand doors, 2 ed _bcultures of the world _cSean Sheehan |
||
| 250 | _a2 | ||
| 260 |
_asingapore _btimes book _c2004 |
||
| 300 | _a144 p. | ||
| 942 |
_aCAE NUST _k954.91 SHE |
||
| 999 |
_c321355 _d321355 |
||